Biogas systems : Principles and applications (Record no. 13727)
[ view plain ]
| 000 -LEADER | |
|---|---|
| fixed length control field | 00391cam a2200145 a 4500 |
| 020 ## - INTERNATIONAL STANDARD BOOK NUMBER | |
| ISBN | 8122409474 |
| 020 ## - INTERNATIONAL STANDARD BOOK NUMBER | |
| ISBN | 9788122409475 |
| 082 00 - DEWEY DECIMAL CLASSIFICATION NUMBER | |
| Classification number | 665.776 |
| Item number | MIT/BI |
| 100 1# - MAIN ENTRY--AUTHOR NAME | |
| Personal name | Mital, K. M., |
| 245 10 - TITLE STATEMENT | |
| Title | Biogas systems : Principles and applications |
| 260 ## - PUBLICATION, DISTRIBUTION, ETC. (IMPRINT) | |
| Place of publication | New Delhi : |
| Name of publisher | New Age International Ltd. Publishers, |
| Year of publication | c1996. |
| 300 ## - PHYSICAL DESCRIPTION | |
| Number of Pages | xi, 412 p. : |
| Other physical details | ill. ; |
| 650 #0 - SUBJECT ADDED ENTRY--TOPICAL TERM | |
| Topical Term | Biogas. |
| 942 ## - ADDED ENTRY ELEMENTS (KOHA) | |
| Koha item type | Books |
| Withdrawn status | Lost status | Damaged status | Collection code | Home library | Current library | Shelving location | Date acquired | Source of acquisition | Cost, normal purchase price | Full call number | Accession Number | Koha item type |
|---|---|---|---|---|---|---|---|---|---|---|---|---|
| Non-fiction | KAUAET | KAUAET | General Stacks | 31/03/2012 | International Books and periodical supply service, New Delhi | 650.00 | 665.776 MIT/BI | 23495 | Books |
